01290nam a2200325Ia 4500001001200000003000800012006001900020007001500039008004100054010001700095020001800112020001500130040002100145035002100166050002800187100002100215245012200236260006100358300002600419504005100445533015200496650004200648650002000690650002500710650004200735655002900777710001700806856012600823999001500949ebr10282709CaPaEBRm u cr cn|||||||||080720s2008 maua sb 001 0 eng d z 2008932480 z9781584506706 z1584506709 aCaPaEBRcCaPaEBR a(OCoLC)50606879514aQA76.9.A25bD384 2008eb1 aDavis, Steven B.10aProtecting gamesh[electronic resource] :ba security handbook for game developers and publishers /cSteven B. Davis. aBoston :bCharles River Media/Course Technology,cc2008. axviii, 398 p. :bill. aIncludes bibliographical references and index. aElectronic reproduction.bPalo Alto, Calif. :cebrary,d2009.nAvailable via World Wide Web.nAccess may be limited to ebrary affiliated libraries. 0aComputer securityxComputer programs. 0aComputer games. 0aSoftware protection. 0aComputer networksxSecurity measures. 7aElectronic books.2local2 aebrary, Inc.40uhttp://site.ebrary.com/lib/rucke/Doc?id=10282709zAn electronic book accessible through the World Wide Web; click to view c3581d3581